Uneasy lies the head : (Record no. 28959)
[ view plain ]
| 000 -LEADER | |
|---|---|
| fixed length control field | 00758nam a22002411a 4500 |
| 001 - CONTROL NUMBER | |
| control field | 28959 |
| 003 - CONTROL NUMBER IDENTIFIER | |
| rucl marc code | BD-RjUL |
| 005 - DATE AND TIME OF LATEST TRANSACTION | |
| control field | 20211209051343.0 |
| 008 - FIXED-LENGTH DATA ELEMENTS--GENERAL INFORMATION | |
| fixed length control field | 140401s1962 enka 000 0aeng d |
| 035 ## - SYSTEM CONTROL NUMBER | |
| System control number | (BD-RjUL)29043 |
| System control number | (BD-RjUL) |
| 040 ## - CATALOGING SOURCE | |
| Original cataloging agency | ANL |
| Language of cataloging | eng |
| Transcribing agency | ANL |
| Modifying agency | BD-RjUL |
| 041 ## - LANGUAGE CODE | |
| Language code of text/sound track or separate title | eng |
| 082 04 - DEWEY DECIMAL CLASSIFICATION NUMBER | |
| Classification number | 956.95 |
| Author mark and year | HUU 1962 |
| 100 0# - MAIN ENTRY--PERSONAL NAME | |
| Personal name | Hussein, |
| Dates associated with a name | 1935- |
| 9 (RLIN) | 88479 |
| 245 10 - TITLE STATEMENT | |
| Title | Uneasy lies the head : |
| Remainder of title | the autobiography of His Majesty King Hussein I of the Hashemite Kingdom of Jordan. |
| Statement of responsibility, etc. | Hussein, |
| 260 ## - PUBLICATION, DISTRIBUTION, ETC. (IMPRINT) | |
| Place of publication, distribution, etc. | London : |
| Name of publisher, distributor, etc. | Heinemann, |
| Date of publication, distribution, etc. | 1962. |
| 300 ## - PHYSICAL DESCRIPTION | |
| Pagination | 233 p. ; |
| Size | 23cm. |
| 600 00 - SUBJECT ADDED ENTRY--PERSONAL NAME | |
| Personal name | Hussein, |
| Titles and other words associated with a name | King of Jordan, |
| Dates associated with a name | 1935- |
| 651 #0 - SUBJECT ADDED ENTRY--GEOGRAPHIC NAME | |
| Geographic name | Jordan |
| General subdivision | Politics and government. |
| 9 (RLIN) | 77629 |
| 942 ## - ADDED ENTRY ELEMENTS (KOHA) | |
| Source of classification or shelving scheme | Dewey Decimal Classification |
| Koha item type | Books |
| Lost status | Source of classification or shelving scheme | Damaged status | Not for loan | Collection code | Permanent Location | Current Location | Shelving location | Date acquired | Source of acquisition | Cost, normal purchase price | Total Checkouts | Full call number | Date last seen | Copy number | Koha item type |
|---|---|---|---|---|---|---|---|---|---|---|---|---|---|---|---|
| Dewey Decimal Classification | Added to bundle | Non-fiction | Central Library, University of Rajshahi | Central Library, University of Rajshahi | Reading Room | 23/01/1964 | Zeitlinger | 0.00 | 956.95 HUU 1962 | 01/04/2014 | C-1 | Books |